| 000 | 005690000a22002050004500 | ||
|---|---|---|---|
| 003 | LK-CoMWRAF | ||
| 005 | 20231120092339.0 | ||
| 008 | 230817t1976 ||||| |||| 00| 0 eng d | ||
| 020 | _a0534004334 | ||
| 040 |
_aLK-CoMWRAF _dLK-CoMWRAF _eLK-CoMWRAF |
||
| 041 | _aeng | ||
| 082 |
_a305.23 _bLEF |
||
| 100 | _aLefrancois, Guy R. | ||
| 245 | _aAdolescents | ||
| 260 |
_aCalifornia: _bWadsworth Publishing Company, _c1976 |
||
| 300 |
_aviii, 407 p. _bBibliography, glossary and index included |
||
| 650 | _aADOLESCENTS | ||
| 650 | _aAdolescent psychology | ||
| 942 | _cBK | ||
| 999 |
_c2077 _d2077 |
||